| 000 | 01045cab a22002295a 4500 | ||
|---|---|---|---|
| 001 | L144141 | ||
| 008 | 080624e20080621xxka f v 000 0 eng d | ||
| 035 | _a(Sirsi) u144141 | ||
| 041 | 0 | _aeng | |
| 100 | 1 | _aDesai, Tina | |
| 245 | 0 | 2 | _aA positive outlook |
| 260 | _c2008 | ||
| 490 | 0 |
_aEstates Gazette _v(0824) 21 June 2008, 130-132(2) |
|
| 520 | _aExplains the changes to the Lands Tribunal introduced by George Bartlett QC since he was appointed President of the Tribunal in 1998. Reviews the challenges involved in the changes including cutting the backlog and dealing with delays. Considers the likely future outlook for the organisation in light of the UK Government's proposal to transfer the Lands Tribunal to the Lands Chamber of the Upper Tribunal. | ||
| 590 | _aKA | ||
| 650 | 2 | 4 | _aLANDS TRIBUNAL ACT 1949 |
| 650 | 2 | 4 | _aHARRODS LTD V BAKER (VALUATION OFFICER) |
| 650 | 2 | 4 | _aEARL CADOGAN AND ANOTHER V SPORTELLI AND ANOTHER |
| 651 | 4 |
_aEngland and Wales _y1543- |
|
| 690 | _aENVIRONMENTAL AND LAND CONSULTANCY | ||
| 942 | _n0 | ||
| 999 |
_c80360 _d80360 |
||